[Event "MCRE_SF12"]
[Site "?"]
[Date "2007.??.??"]
[Round "?"]
[White "Kratochvil, Vaclav"]
[Black "Brichacek, Milan"]
[Result "1/2-1/2"]
[WhiteElo "2227"]
[BlackElo "2215"]
[PlyCount "152"]
[EventDate "2007.??.??"]
[EventRounds "2"]
[SourceDate "2007.09.24"]

1. e4 c5 2. Nf3 d6 3. d4 cxd4 4. Nxd4 Nf6 5. Nc3 a6 6. Bg5 e6 7. f4 Qc7 8. Qf3
Be7 9. Be2 h6 10. Bh4 Bd7 11. O-O Nc6 12. Bf2 O-O 13. Qg3 d5 14. e5 Ne4 15.
Nxe4 dxe4 16. c3 Rad8 17. Kh1 Nxd4 18. Bxd4 Bc5 19. Bxc5 Qxc5 20. b4 Qc7 21. a4
f6 22. a5 fxe5 23. fxe5 Rf5 24. Bg4 Rg5 25. h4 Qxe5 26. Rf4 Rf8 27. Rxf8+ Kxf8
28. Rf1+ Kg8 29. Rf4 Rf5 30. Bxf5 exf5 31. Kh2 Kf7 32. h5 Kf6 33. Kg1 Be8 34.
Qh4+ Ke6 35. Rf1 Qxc3 36. Qf2 Qe5 37. Qb6+ Bc6 38. Qe3 Ke7 39. Rf4 Kd7 40. Rf1
Ke6 41. Rf2 Qd6 42. Qb3+ Kf6 43. Qh3 Bd7 44. Qc3+ Qe5 45. Qe3 g5 46. hxg6 Kxg6
47. g3 Bb5 48. Qb6+ Bc6 49. Qc5 Qxc5 50. bxc5 Kg5 51. Rh2 f4 52. gxf4+ Kxf4 53.
Rxh6 Ke3 54. Kf1 Kd4 55. Rh5 Be8 56. Rg5 Bb5+ 57. Kf2 Bc4 58. Ke1 Bd5 59. Kd2
Bc6 60. Rf5 Bb5 61. Rg5 Kc4 62. Rg3 Bc6 63. Rc3+ Kd4 64. Rc1 e3+ 65. Ke1 Bb5
66. Rc2 e2 67. Rc1 Ke4 68. Kd2 Kd5 69. Ke1 Bc4 70. Rb1 Kxc5 71. Rxb7 Bb5 72.
Rc7+ Kb4 73. Rc2 Kxa5 74. Rxe2 Bxe2 75. Kxe2 Ka4 76. Kd2 a5 1/2-1/2

[Event "MCRE_SF12"]
[Site "?"]
[Date "2007.??.??"]
[Round "?"]
[White "Kratochvil, Vaclav"]
[Black "Contos, Vaclav"]
[Result "0-1"]
[WhiteElo "2227"]
[BlackElo "2200"]
[PlyCount "88"]
[EventDate "2007.??.??"]
[EventRounds "2"]
[SourceDate "2007.09.24"]

1. e4 e5 2. Nf3 Nc6 3. Bb5 a6 4. Ba4 Nf6 5. O-O Be7 6. Re1 b5 7. Bb3 O-O 8. c3
d6 9. h3 Na5 10. Bc2 c5 11. d4 Qc7 12. Nbd2 cxd4 13. cxd4 Bd7 14. Nf1 Rac8 15.
Ne3 Nc6 16. a3 Nxd4 17. Nxd4 exd4 18. Qxd4 d5 19. exd5 Bc5 20. Qc3 Rfe8 21. Re2
Qb6 22. Qd3 Bd4 23. Rb1 g6 24. Qd1 Nh5 25. Bb3 Nf4 26. Rc2 Rxc2 27. Bxc2 Qf6
28. Qf1 Qh4 29. g3 Nxh3+ 30. Kg2 Nf4+ 31. Kg1 Qg5 32. Nf5 Ne2+ 33. Qxe2 Rxe2
34. Bxg5 Bxf2+ 35. Kg2 Bc5+ 36. Kh1 Rxc2 37. b4 Bxf5 38. bxc5 Be4+ 39. Kg1 Rg2+
40. Kf1 Rxg3 41. Bh4 Rh3 42. d6 Rxh4 43. d7 Bd3+ 44. Kf2 Rd4 0-1

[Event "MCRE_SF12"]
[Site "?"]
[Date "2007.??.??"]
[Round "?"]
[White "Kratochvil, Vaclav"]
[Black "Koci, Vladimir"]
[Result "1-0"]
[WhiteElo "2227"]
[BlackElo "2098"]
[PlyCount "69"]
[EventDate "2007.??.??"]
[EventRounds "2"]
[SourceDate "2007.09.24"]

1. e4 e5 2. Nf3 Nc6 3. Bb5 a6 4. Ba4 Nf6 5. O-O Be7 6. Re1 b5 7. Bb3 d6 8. c3
O-O 9. h3 Na5 10. Bc2 c6 11. a4 Be6 12. b4 Nb7 13. d4 Qc7 14. Be3 bxa4 15. Nbd2
a5 16. Bxa4 Rfc8 17. Qc2 Nd7 18. Bb3 Bxb3 19. Qxb3 Rcb8 20. Qc2 exd4 21. Nxd4
Bf6 22. Nf5 g6 23. Nh6+ Kf8 24. Ng4 Bg7 25. Bf4 Ne5 26. Nxe5 Bxe5 27. Be3 Kg8
28. Nc4 axb4 29. Rxa8 Rxa8 30. cxb4 Rb8 31. Rc1 Bg7 32. Qa4 Nd8 33. Rd1 Bc3 34.
Nxd6 Bxb4 35. Bf4 {a cerny vystoupil z turnaje} 1-0

[Event "MCRE_SF12"]
[Site "?"]
[Date "2007.??.??"]
[Round "?"]
[White "Kratochvil, Vaclav"]
[Black "Koukal, Vladimir"]
[Result "1/2-1/2"]
[WhiteElo "2227"]
[BlackElo "2230"]
[PlyCount "93"]
[EventDate "2007.??.??"]
[EventRounds "2"]
[SourceDate "2007.09.24"]

1. e4 e5 2. Nf3 Nc6 3. Bb5 a6 4. Ba4 Nf6 5. O-O Be7 6. Re1 b5 7. Bb3 d6 8. c3
O-O 9. h3 Na5 10. Bc2 c5 11. d4 Qc7 12. Nbd2 Bd7 13. Nf1 cxd4 14. cxd4 Rac8 15.
Ne3 Nc6 16. d5 Nb4 17. Bb1 a5 18. a3 Na6 19. b4 Nh5 20. Bd3 g6 21. Bd2 Nf4 22.
Bf1 f5 23. exf5 gxf5 24. Rc1 Qb7 25. Rxc8 Qxc8 26. bxa5 Nc5 27. Bb4 Bf6 28. Qc2
e4 29. Nd2 Nfd3 30. Bxd3 Nxd3 31. Qxc8 Bxc8 32. Rd1 Be5 33. Nf3 Nxb4 34. Nxe5
f4 35. axb4 fxe3 36. Nc6 exf2+ 37. Kf1 e3 38. Nd4 Bf5 39. Nxf5 Rxf5 40. a6 Rf7
41. Ra1 Ra7 42. Ra3 Re7 43. Ke2 Rf7 44. Ra1 Ra7 45. Rf1 Re7 46. Ra1 Ra7 47. Rf1
1/2-1/2

[Event "MCRE_SF12"]
[Site "?"]
[Date "2007.??.??"]
[Round "?"]
[White "Kratochvil, Vaclav"]
[Black "Matousek, Jan"]
[Result "1/2-1/2"]
[WhiteElo "2227"]
[BlackElo "2273"]
[PlyCount "53"]
[EventDate "2007.??.??"]
[EventRounds "2"]
[SourceDate "2007.09.24"]

1. e4 c5 2. Nf3 Nc6 3. d4 cxd4 4. Nxd4 Nf6 5. Nc3 e5 6. Ndb5 d6 7. Bg5 a6 8.
Na3 b5 9. Bxf6 gxf6 10. Nd5 Bg7 11. Bd3 Ne7 12. Nxe7 Qxe7 13. c3 O-O 14. Nc2 f5
15. Ne3 f4 16. Nd5 Qg5 17. g3 Be6 18. h4 Qd8 19. g4 Re8 20. Bc2 a5 21. a3 Rc8
22. Bb3 Kh8 23. Qe2 Rc5 24. g5 Rf8 25. Ba2 f5 26. gxf6 Bxf6 27. Rd1 {odhad}
1/2-1/2

[Event "MCRE_SF12"]
[Site "?"]
[Date "2007.??.??"]
[Round "?"]
[White "Kratochvil, Vaclav"]
[Black "Nedoma, Petr"]
[Result "1/2-1/2"]
[WhiteElo "2227"]
[BlackElo "2345"]
[PlyCount "59"]
[EventDate "2007.??.??"]
[EventRounds "2"]
[SourceDate "2007.09.24"]

1. e4 e5 2. Nf3 d6 3. d4 exd4 4. Nxd4 a6 5. Nc3 Be7 6. Be2 Nf6 7. Bf4 O-O 8.
Qd2 Nc6 9. O-O-O Ng4 10. Rhf1 Nxd4 11. Qxd4 Bf6 12. Qd2 Be6 13. Nd5 Re8 14. f3
Ne5 15. g4 Bh4 16. Kb1 b5 17. Bxe5 dxe5 18. Qc3 Bxd5 19. Rxd5 Qe7 20. Rfd1 Bf2
21. Rd7 Qh4 22. Qxc7 Qxh2 23. Qb7 h6 24. Qd5 Qf4 25. Qd2 Be3 26. Qd6 Rf8 27.
Qd3 Bb6 28. Qd6 Bd8 29. Qd2 Qh2 30. Bf1 1/2-1/2

[Event "MCRE_SF12"]
[Site "?"]
[Date "2007.??.??"]
[Round "?"]
[White "Kratochvil, Vaclav"]
[Black "Splichal, Josef"]
[Result "1/2-1/2"]
[WhiteElo "2227"]
[BlackElo "2190"]
[PlyCount "51"]
[EventDate "2007.??.??"]
[EventRounds "2"]
[SourceDate "2007.09.24"]

1. e4 e5 2. Nf3 Nc6 3. Bb5 Nf6 4. O-O Nxe4 5. d4 Nd6 6. Bxc6 dxc6 7. dxe5 Nf5
8. Qxd8+ Kxd8 9. Rd1+ Ke8 10. Nc3 Be6 11. Ng5 Rd8 12. Rxd8+ Kxd8 13. Nxe6+ fxe6
14. Bg5+ Be7 15. Rd1+ Ke8 16. Ne4 Bxg5 17. Nxg5 Ke7 18. c3 b6 19. Kf1 Rf8 20.
Ke2 Nh4 21. g3 h6 22. gxh4 hxg5 23. Rg1 Rf4 24. Rxg5 Kf7 25. h5 Rh4 26. Kf1
1/2-1/2

[Event "MCRE_SF12"]
[Site "?"]
[Date "2007.??.??"]
[Round "?"]
[White "Matousek, Jan"]
[Black "Brichacek, Milan"]
[Result "1/2-1/2"]
[WhiteElo "2273"]
[BlackElo "2215"]
[PlyCount "32"]
[EventDate "2007.??.??"]
[EventRounds "2"]
[SourceDate "2007.09.24"]

1. d4 Nf6 2. c4 e6 3. Nf3 b6 4. g3 c5 5. Bg2 Bb7 6. O-O cxd4 7. Qxd4 d6 8. Nc3
Be7 9. Bg5 O-O 10. Rfd1 Nbd7 11. Nb5 d5 12. cxd5 Bxd5 13. Nc3 Bc6 14. Qc4 Qc8
15. e4 h6 16. Bf4 b5 {odhad} 1/2-1/2

[Event "MCRE_SF12"]
[Site "?"]
[Date "2007.??.??"]
[Round "?"]
[White "Matousek, Jan"]
[Black "Contos, Vaclav"]
[Result "1/2-1/2"]
[WhiteElo "2273"]
[BlackElo "2200"]
[PlyCount "30"]
[EventDate "2007.??.??"]
[EventRounds "2"]
[SourceDate "2007.09.24"]

1. d4 d5 2. c4 c6 3. Nf3 Nf6 4. Nc3 e6 5. Bg5 Nbd7 6. e3 Qa5 7. Nd2 Bb4 8. Qc2
O-O 9. Be2 dxc4 10. Bxf6 Nxf6 11. Nxc4 Qc7 12. O-O Nd5 13. Bd3 g6 14. a3 Be7
15. Rac1 Rd8 {odhad} 1/2-1/2

[Event "MCRE_SF12"]
[Site "?"]
[Date "2007.??.??"]
[Round "?"]
[White "Matousek, Jan"]
[Black "Koukal, Vladimir"]
[Result "1/2-1/2"]
[WhiteElo "2273"]
[BlackElo "2230"]
[PlyCount "40"]
[EventDate "2007.??.??"]
[EventRounds "2"]
[SourceDate "2007.09.24"]

1. d4 Nf6 2. c4 e6 3. Nf3 d5 4. Nc3 Be7 5. Bf4 O-O 6. e3 Nbd7 7. Qc2 c5 8. cxd5
cxd4 9. exd4 Nxd5 10. Nxd5 exd5 11. Bd3 Bb4+ 12. Kf1 Nf6 13. Rc1 Bd6 14. Bxd6
Qxd6 15. h3 Re8 16. g3 Ne4 17. Kg2 Bf5 18. Qb3 Re7 19. g4 Be6 20. Rhe1 Rae8 {
odhad} 1/2-1/2

[Event "MCRE_SF12"]
[Site "?"]
[Date "2007.??.??"]
[Round "?"]
[White "Matousek, Jan"]
[Black "Kratochvil, Vaclav"]
[Result "1/2-1/2"]
[WhiteElo "2273"]
[BlackElo "2227"]
[PlyCount "62"]
[EventDate "2007.??.??"]
[EventRounds "2"]
[SourceDate "2007.09.24"]

1. d4 d5 2. c4 e6 3. Nf3 Nf6 4. Nc3 c6 5. Bg5 dxc4 6. e4 b5 7. e5 h6 8. Bh4 g5
9. Nxg5 hxg5 10. Bxg5 Nbd7 11. g3 Qa5 12. exf6 b4 13. Ne4 Ba6 14. Qf3 Qd5 15.
Be3 c5 16. Rd1 Rd8 17. b3 Bb7 18. Bg2 cxb3 19. axb3 Qxb3 20. O-O c4 21. Nd6+
Bxd6 22. Qxb7 Kf8 23. d5 e5 24. Ra1 Qd3 25. Rxa7 Qh7 26. h3 Nxf6 27. Bh6+ Kg8
28. Qb6 Re8 29. Qxd6 Qxh6 30. Qxb4 Kg7 31. d6 e4 {odhad} 1/2-1/2

[Event "MCRE_SF12"]
[Site "?"]
[Date "2007.??.??"]
[Round "?"]
[White "Matousek, Jan"]
[Black "Nedoma, Petr"]
[Result "1/2-1/2"]
[WhiteElo "2273"]
[BlackElo "2345"]
[PlyCount "38"]
[EventDate "2007.??.??"]
[EventRounds "2"]
[SourceDate "2007.09.24"]

1. d4 Nf6 2. c4 e6 3. Nf3 d5 4. Nc3 c6 5. Bg5 Nbd7 6. e3 Be7 7. Qc2 O-O 8. Rd1
b6 9. Bd3 Ba6 10. cxd5 Bxd3 11. Qxd3 exd5 12. O-O Ne4 13. Bf4 f5 14. Ne2 g5 15.
Bg3 Qe8 16. Ne5 Nxg3 17. hxg3 Nxe5 18. dxe5 Bc5 19. Nd4 Kh8 {odhad} 1/2-1/2

[Event "MCRE_SF12"]
[Site "?"]
[Date "2007.??.??"]
[Round "?"]
[White "Matousek, Jan"]
[Black "Splichal, Josef"]
[Result "1/2-1/2"]
[WhiteElo "2273"]
[BlackElo "2190"]
[PlyCount "52"]
[EventDate "2007.??.??"]
[EventRounds "2"]
[SourceDate "2007.09.24"]

1. d4 Nf6 2. c4 e6 3. Nf3 b6 4. g3 Bb7 5. Bg2 Be7 6. Nc3 O-O 7. O-O d5 8. cxd5
Nxd5 9. Nxd5 Bxd5 10. Qc2 Nc6 11. e4 Nb4 12. Qb1 Bc4 13. Rd1 Be2 14. Rd2 Bxf3
15. Bxf3 Nc6 16. e5 Qd7 17. Qe4 Nb4 18. a3 Nd5 19. Rc2 Rac8 20. Bd2 a5 21. Be2
c5 22. Ba6 Rcd8 23. Rac1 cxd4 24. Bd3 f5 25. exf6 Nxf6 26. Qe2 Rfe8 1/2-1/2

[Event "MCRE_SF12"]
[Site "?"]
[Date "2007.??.??"]
[Round "?"]
[White "Nedoma, Petr"]
[Black "Brichacek, Milan"]
[Result "1/2-1/2"]
[WhiteElo "2345"]
[BlackElo "2215"]
[PlyCount "112"]
[EventDate "2007.??.??"]
[EventRounds "2"]
[SourceDate "2007.09.24"]

1. e4 c5 2. Nf3 d6 3. d4 cxd4 4. Nxd4 Nf6 5. Nc3 a6 6. Be3 e5 7. Nb3 Be6 8. f3
Be7 9. Nd5 Nxd5 10. exd5 Bf5 11. Bd3 Bg5 12. Bxg5 Qxg5 13. O-O Bxd3 14. Qxd3
O-O 15. Qd2 Qe7 16. f4 e4 17. Rae1 Nd7 18. Rf3 f5 19. Rg3 Qf7 20. c4 Rfc8 21.
Qb4 Nc5 22. Nd4 Nd3 23. Qc3 g6 24. Rxd3 exd3 25. Qxd3 b5 26. b3 bxc4 27. bxc4
Rab8 28. h3 Qd7 29. Kh2 Re8 30. Rxe8+ Rxe8 31. Ne6 Rc8 32. Qb3 a5 33. a4 Qa7
34. Qb5 Kf7 35. Qb2 Kg8 36. Qa3 Qe7 37. Qc3 Ra8 38. Qb3 Rc8 39. Qb6 h6 40. Qa6
Qd7 41. Qxa5 Rxc4 42. Qb6 Qe7 43. Qb3 Rc8 44. a5 Ra8 45. Qb6 Ra7 46. a6 Kh7 47.
Nd4 Rd7 48. Qb8 h5 49. Qb5 h4 50. Ne6 Ra7 51. Qc4 Kh8 52. Qc8+ Kh7 53. Kh1 Qf6
54. Kh2 Qe7 55. Qc6 Kg8 56. Qc8+ Kh7 1/2-1/2

[Event "MCRE_SF12"]
[Site "?"]
[Date "2007.??.??"]
[Round "?"]
[White "Nedoma, Petr"]
[Black "Contos, Vaclav"]
[Result "0-1"]
[WhiteElo "2345"]
[BlackElo "2200"]
[PlyCount "100"]
[EventDate "2007.??.??"]
[EventRounds "2"]
[SourceDate "2007.09.24"]

1. e4 c6 2. d4 d5 3. e5 Bf5 4. Nc3 e6 5. g4 Bg6 6. Nge2 f6 7. exf6 gxf6 8. Nf4
Bf7 9. Qe2 Qe7 10. Nd3 Nd7 11. Bf4 h5 12. Bh3 hxg4 13. Bxg4 f5 14. Bf3 Ngf6 15.
Qe3 Ne4 16. Bxe4 dxe4 17. Bg5 Nf6 18. Ne5 Bh5 19. h4 O-O-O 20. f3 exf3 21. Nxf3
Bxf3 22. Qxf3 Rxd4 23. Rd1 Rxd1+ 24. Kxd1 Bh6 25. Bxh6 Rxh6 26. Kc1 Ng4 27. Qg3
e5 28. Nd1 Qc5 29. Qf3 Rf6 30. Qe2 Kc7 31. a3 e4 32. Nc3 Qe5 33. Kb1 Rd6 34. h5
a5 35. a4 e3 36. Qc4 Kb6 37. Ne2 Nf2 38. Qf4 Qxf4 39. Nxf4 Rd4 40. Ng2 Ne4 41.
Re1 f4 42. c3 Rxa4 43. h6 Ng5 44. b4 axb4 45. Nxf4 b3 46. h7 Nxh7 47. Ne2 c5
48. Ng3 Nf6 49. Rxe3 Kb5 50. Re4 Nxe4 0-1

[Event "MCRE_SF12"]
[Site "?"]
[Date "2007.??.??"]
[Round "?"]
[White "Nedoma, Petr"]
[Black "Koci, Vladimir"]
[Result "1-0"]
[WhiteElo "2345"]
[BlackElo "2098"]
[PlyCount "55"]
[EventDate "2007.??.??"]
[EventRounds "2"]
[SourceDate "2007.09.24"]

1. e4 e5 2. Nf3 Nc6 3. Bb5 a6 4. Ba4 Nf6 5. O-O Be7 6. Re1 b5 7. Bb3 d6 8. c3
O-O 9. h3 Na5 10. Bc2 c6 11. d4 Qc7 12. b3 Nd7 13. Be3 c5 14. Nbd2 Bb7 15. Nf1
exd4 16. cxd4 Bf6 17. Rc1 Nc6 18. Bb1 Rfe8 19. Ng3 Rac8 20. Nh5 Qd8 21. Nxf6+
Nxf6 22. d5 Ne5 23. Nxe5 Rxe5 24. Bf4 Re8 25. Bg5 Re5 26. Bh4 Qf8 27. Bxf6 gxf6
28. f4 1-0

[Event "MCRE_SF12"]
[Site "?"]
[Date "2007.??.??"]
[Round "?"]
[White "Nedoma, Petr"]
[Black "Koukal, Vladimir"]
[Result "1-0"]
[WhiteElo "2345"]
[BlackElo "2230"]
[PlyCount "100"]
[EventDate "2007.??.??"]
[EventRounds "2"]
[SourceDate "2007.09.24"]

1. e4 e5 2. Nf3 Nc6 3. Bb5 a6 4. Ba4 Nf6 5. O-O Be7 6. Re1 b5 7. Bb3 d6 8. c3
O-O 9. h3 Na5 10. Bc2 c5 11. d4 Qc7 12. Bg5 h6 13. Bh4 Be6 14. Bg3 cxd4 15.
cxd4 Rac8 16. Bd3 exd4 17. Nxd4 Qc5 18. Nxe6 fxe6 19. Nd2 Qb6 20. a4 Nc4 21.
Bxc4 bxc4 22. Rc1 Qb4 23. e5 dxe5 24. Bxe5 Bc5 25. Nf3 Qb3 26. Qc2 Qd3 27. Bxf6
Rxf6 28. Qxd3 cxd3 29. Rc3 d2 30. Rd1 Rff8 31. Rxd2 Bb4 32. Rxc8 Rxc8 33. Re2
Rc1+ 34. Kh2 Bd6+ 35. g3 Kf7 36. Kg2 Kf6 37. Nd2 e5 38. b3 Bb4 39. Nc4 Bc3 40.
Kf3 Ke6 41. Kg4 Kf6 42. Re3 Bd4 43. Rd3 Rc3 44. Rxc3 Bxc3 45. Kf3 a5 46. Ke4
Ke6 47. g4 Be1 48. Nxe5 Bxf2 49. Nd3 Ba7 50. b4 axb4 1-0

[Event "MCRE_SF12"]
[Site "?"]
[Date "2007.??.??"]
[Round "?"]
[White "Nedoma, Petr"]
[Black "Kratochvil, Vaclav"]
[Result "1-0"]
[WhiteElo "2345"]
[BlackElo "2227"]
[PlyCount "91"]
[EventDate "2007.??.??"]
[EventRounds "2"]
[SourceDate "2007.09.24"]

1. e4 c5 2. Nf3 d6 3. d4 cxd4 4. Nxd4 Nf6 5. Nc3 Nc6 6. f3 e5 7. Nb3 Be7 8. Be3
Be6 9. Nd5 Bxd5 10. exd5 Nb4 11. c4 a5 12. Qd2 b6 13. Be2 O-O 14. O-O Nd7 15.
f4 Na6 16. fxe5 Nxe5 17. Nd4 Rc8 18. b3 Nc5 19. Bd1 Re8 20. Bc2 g6 21. Rae1 Bh4
22. Re2 f5 23. Bf4 Bf6 24. Re3 Re7 25. Rg3 Kh8 26. Nb5 Qd7 27. Be3 Bg7 28. Bd4
Ng4 29. h3 Bxd4+ 30. Nxd4 Ne5 31. h4 Qc7 32. h5 Rg7 33. hxg6 hxg6 34. Nxf5 gxf5
35. Rh3+ Kg8 36. Bxf5 Nf7 37. Qe2 Qd8 38. Bh7+ Kf8 39. Qh5 Qe8 40. Bg6 Rc7 41.
Bxf7 Rcxf7 42. Rxf7+ Qxf7 43. Rf3 Qxf3 44. Qxf3+ Ke7 45. Qh5 Kd7 46. Qh8 1-0

[Event "MCRE_SF12"]
[Site "?"]
[Date "2007.??.??"]
[Round "?"]
[White "Nedoma, Petr"]
[Black "Matousek, Jan"]
[Result "1/2-1/2"]
[WhiteElo "2345"]
[BlackElo "2273"]
[PlyCount "41"]
[EventDate "2007.??.??"]
[EventRounds "2"]
[SourceDate "2007.09.24"]

1. e4 c5 2. Nf3 Nc6 3. d4 cxd4 4. Nxd4 Nf6 5. Nc3 e5 6. Ndb5 d6 7. Nd5 Nxd5 8.
exd5 Nb8 9. Bd3 Be7 10. Qh5 a6 11. Nc3 Nd7 12. O-O Nc5 13. f4 Nxd3 14. cxd3
exf4 15. Bxf4 O-O 16. Rae1 Bd7 17. Re3 Qb6 18. Kh1 Rae8 19. Qe2 Bf6 20. Rxe8
Rxe8 21. Ne4 {odhad} 1/2-1/2

[Event "MCRE_SF12"]
[Site "?"]
[Date "2007.??.??"]
[Round "?"]
[White "Nedoma, Petr"]
[Black "Splichal, Josef"]
[Result "1/2-1/2"]
[WhiteElo "2345"]
[BlackElo "2190"]
[PlyCount "40"]
[EventDate "2007.??.??"]
[EventRounds "2"]
[SourceDate "2007.09.24"]

1. e4 e5 2. Nf3 Nc6 3. Bb5 Nf6 4. O-O Nxe4 5. d4 Nd6 6. Bxc6 dxc6 7. dxe5 Nf5
8. Qxd8+ Kxd8 9. Nc3 Be7 10. h3 Be6 11. g4 Nh4 12. Nxh4 Bxh4 13. f4 f5 14. exf6
Bxf6 15. f5 Bf7 16. Be3 Kc8 17. g5 Be7 18. Rae1 Rd8 19. Ne4 b6 20. f6 gxf6
1/2-1/2

[Event "MCRE_SF12"]
[Site "?"]
[Date "2007.??.??"]
[Round "?"]
[White "Splichal, Josef"]
[Black "Brichacek, Milan"]
[Result "1/2-1/2"]
[WhiteElo "2190"]
[BlackElo "2215"]
[PlyCount "71"]
[EventDate "2007.??.??"]
[EventRounds "2"]
[SourceDate "2007.09.24"]

1. e4 c5 2. Nf3 d6 3. d4 cxd4 4. Nxd4 Nf6 5. Nc3 a6 6. Bc4 e6 7. O-O b5 8. Bb3
Be7 9. Qf3 Qb6 10. Be3 Qb7 11. Qg3 b4 12. Na4 Nbd7 13. f3 O-O 14. a3 bxa3 15.
Rxa3 d5 16. exd5 Nxd5 17. Bxd5 Qxd5 18. Rd3 Bf6 19. Nc3 Qe5 20. Ne4 Qxg3 21.
hxg3 Bb7 22. Nxf6+ Nxf6 23. Nb3 a5 24. Ra1 a4 25. Nc5 Bc6 26. c4 Rfb8 27. Rd6
Be8 28. Rd2 h5 29. Kf1 Bc6 30. Rd6 Be8 31. Bd4 Rc8 32. Bf2 Bc6 33. Ke2 Ne8 34.
Rd2 e5 35. Be3 f6 36. Rh1 1/2-1/2

[Event "MCRE_SF12"]
[Site "?"]
[Date "2007.??.??"]
[Round "?"]
[White "Splichal, Josef"]
[Black "Contos, Vaclav"]
[Result "1/2-1/2"]
[WhiteElo "2190"]
[BlackElo "2200"]
[PlyCount "46"]
[EventDate "2007.??.??"]
[EventRounds "2"]
[SourceDate "2007.09.24"]

1. e4 e5 2. Nf3 Nc6 3. Bb5 a6 4. Ba4 Nf6 5. O-O Be7 6. Re1 b5 7. Bb3 d6 8. c3
O-O 9. h3 Bb7 10. d4 Re8 11. Nbd2 Bf8 12. Ng5 Re7 13. d5 Nb8 14. Nf1 Re8 15.
Ng3 h6 16. Nf3 c6 17. dxc6 Bxc6 18. Nh2 Nbd7 19. Ng4 Nc5 20. Qf3 Nxb3 21. Nxf6+
Qxf6 22. Qxf6 gxf6 23. axb3 d5 1/2-1/2

[Event "MCRE_SF12"]
[Site "?"]
[Date "2007.??.??"]
[Round "?"]
[White "Splichal, Josef"]
[Black "Koci, Vladimir"]
[Result "1-0"]
[WhiteElo "2190"]
[BlackElo "2098"]
[PlyCount "67"]
[EventDate "2007.??.??"]
[EventRounds "2"]
[SourceDate "2007.09.24"]

1. e4 e5 2. Nf3 Nc6 3. Bb5 a6 4. Ba4 Nf6 5. O-O Be7 6. Re1 b5 7. Bb3 d6 8. c3
O-O 9. h3 Na5 10. Bc2 c6 11. b4 Nb7 12. d4 Qc7 13. a4 Bd7 14. axb5 axb5 15. Na3
Rfc8 16. Bb2 Be6 17. Qd2 Qd7 18. Qe3 exd4 19. Nxd4 Nd8 20. Nxe6 Nxe6 21. c4
bxc4 22. Nxc4 Rxa1 23. Rxa1 Qd8 24. Ra6 d5 25. Na5 Bxb4 26. Nxc6 Bc5 27. Nxd8
Bxe3 28. Nc6 Bc5 29. Bxf6 gxf6 30. exd5 Nc7 31. Ra5 Bb6 32. Ne7+ Kf8 33. Nxc8
Bxa5 34. d6 {a cerny vystoupil z turnaje} 1-0

[Event "MCRE_SF12"]
[Site "?"]
[Date "2007.??.??"]
[Round "?"]
[White "Splichal, Josef"]
[Black "Koukal, Vladimir"]
[Result "1-0"]
[WhiteElo "2190"]
[BlackElo "2230"]
[PlyCount "51"]
[EventDate "2007.??.??"]
[EventRounds "2"]
[SourceDate "2007.09.24"]

1. e4 e5 2. Nf3 Nc6 3. Bb5 a6 4. Ba4 Nf6 5. O-O Be7 6. Re1 O-O 7. Bxc6 dxc6 8.
Nxe5 Re8 9. d3 Bb4 10. c3 Rxe5 11. cxb4 Re8 12. Bf4 Qd4 13. Qd2 Rd8 14. Bxc7
Rd7 15. Bf4 Qxd3 16. f3 Qb5 17. Qc3 a5 18. bxa5 Rxa5 19. Na3 Qb6+ 20. Kh1 Qd8
21. Nc4 Ra6 22. Ne5 Rd4 23. a3 Be6 24. Be3 Rda4 25. Red1 Qe7 26. b3 1-0

[Event "MCRE_SF12"]
[Site "?"]
[Date "2007.??.??"]
[Round "?"]
[White "Splichal, Josef"]
[Black "Kratochvil, Vaclav"]
[Result "1-0"]
[WhiteElo "2190"]
[BlackElo "2227"]
[PlyCount "81"]
[EventDate "2007.??.??"]
[EventRounds "2"]
[SourceDate "2007.09.24"]

1. e4 c5 2. Nf3 d6 3. d4 cxd4 4. Nxd4 Nf6 5. Nc3 Nc6 6. Bb5 Bd7 7. O-O e6 8.
Nxc6 bxc6 9. Be2 Qc7 10. Qd3 d5 11. f4 Bc5+ 12. Kh1 dxe4 13. Nxe4 Be7 14. Bd2
Nxe4 15. Qxe4 Bf6 16. Bb4 Rb8 17. Qc4 c5 18. Bxc5 a6 19. Ba3 Qxc4 20. Bxc4 Bxb2
21. Rab1 Rc8 22. Rxb2 Rxc4 23. Rb7 Kd8 24. Rd1 Rc7 25. Rb6 a5 26. Ra6 Re8 27.
Bd6 Rxc2 28. Ra8+ Rc8 29. Ra7 Rc4 30. h4 Bc6 31. Rb1 Be4 32. Rb8+ Rc8 33. Be7+
Rxe7 34. Rxc8+ Kxc8 35. Rxe7 Bg6 36. Kg1 Kb8 37. g4 h5 38. g5 a4 39. a3 Kc8 40.
Kg2 Kb8 41. Kf3 1-0

[Event "MCRE_SF12"]
[Site "?"]
[Date "2007.??.??"]
[Round "?"]
[White "Splichal, Josef"]
[Black "Matousek, Jan"]
[Result "1/2-1/2"]
[WhiteElo "2190"]
[BlackElo "2273"]
[PlyCount "55"]
[EventDate "2007.??.??"]
[EventRounds "2"]
[SourceDate "2007.09.24"]

1. e4 c5 2. Nf3 Nc6 3. d4 cxd4 4. Nxd4 Nf6 5. Nc3 e5 6. Ndb5 d6 7. Nd5 Nxd5 8.
exd5 Nb8 9. c4 Be7 10. Bd3 O-O 11. O-O f5 12. c5 a6 13. cxd6 Bxd6 14. Nxd6 Qxd6
15. Qb3 Nd7 16. Be3 e4 17. Be2 f4 18. Bd4 b5 19. Rfd1 Nf6 20. Rac1 Qxd5 21.
Qxd5+ Nxd5 22. Bxg7 Kxg7 23. Rxd5 Be6 24. Re5 Bxa2 25. Rxe4 Rac8 26. Ra1 Bb3
27. Rb4 Bg8 28. Rd1 1/2-1/2

[Event "MCRE_SF12"]
[Site "?"]
[Date "2007.??.??"]
[Round "?"]
[White "Splichal, Josef"]
[Black "Nedoma, Petr"]
[Result "1/2-1/2"]
[WhiteElo "2190"]
[BlackElo "2345"]
[PlyCount "41"]
[EventDate "2007.??.??"]
[EventRounds "2"]
[SourceDate "2007.09.24"]

1. e4 e5 2. Nf3 d6 3. d4 exd4 4. Nxd4 a6 5. Be2 Nf6 6. Nc3 Be7 7. O-O O-O 8.
Bf4 Re8 9. Qd3 Nfd7 10. Be3 Bf6 11. f3 Nc6 12. Qd2 Rb8 13. a4 Nc5 14. Nxc6 bxc6
15. Rab1 Be5 16. Bg5 Qd7 17. b4 Ne6 18. Be3 d5 19. exd5 Bxc3 20. Qxc3 cxd5 21.
Rfd1 1/2-1/2